Every Suffolk Parish (With Map) - Statistics

General Stats
  • This quiz has been taken 541 times
  • The average score is 207 of 481
Answers on the Map
Answers color-coded by a green-red scale on the quiz's map according to % correct below.
 
Answer Stats
Answers % Correct
Lowestoft
88%
Bury St Edmunds
87%
Felixstowe
84%
Newmarket
81%
Stowmarket
80%
Southwold
79%
Aldeburgh
78%
Woodbridge
78%
Beccles
76%
Eye
73%
Sudbury
73%
Bungay
72%
Saxmundham
71%
Needham Market
70%
Brandon
69%
Framlingham
68%
Halesworth
68%
Lavenham
68%
Leiston
68%
Milden
68%
Orford
68%
Dunwich
67%
Hadleigh
67%
Haverhill
67%
Lakenheath
67%
Kessingland
66%
Long Melford
66%
Mildenhall
66%
Kesgrave
65%
Snape
65%
Debenham
64%
Walberswick
64%
Clare
63%
Martlesham
63%
Wickham Market
63%
Trimley St. Mary
62%
East Bergholt
61%
Oulton
61%
Shotley
61%
Sutton
61%
Melton
60%
Blythburgh
59%
Claydon
59%
Otley
59%
Rushmere
59%
Stowupland
59%
Thurston
59%
Trimley St. Martin
59%
Raydon
58%
Rendlesham
58%
Reydon
58%
Yoxford
58%
Elmswell
56%
Ixworth
56%
Kersey
56%
Polstead
56%
Somerleyton, Ashby and Herringfleet
56%
Stoke-by-Nayland
56%
Woolpit
56%
Bildeston
55%
Boxford
55%
Copdock and Washbrook
55%
Exning
55%
Hoxne
55%
Tunstall
55%
Wangford with Henham
55%
Aldringham cum Thorpe
54%
All Saints and St. Nicholas, South Elmham
54%
Bacton
54%
Carlton Colville
54%
Darsham
54%
Grundisburgh
54%
Rushmere St. Andrew
54%
Acton
53%
Bawdsey
53%
Bradfield Combust with Stanningfield
53%
Brome and Oakley
53%
Fornham St. Martin
53%
Glemsford
53%
Great Barton
53%
Great Cornard
53%
Norton
53%
Stradbroke
53%
Sudbourne
53%
West Stow
53%
Alpheton
52%
Bramford
52%
Butley
52%
Capel St. Mary
52%
Corton
52%
Covehithe
52%
Dennington
52%
Earl Stonham
52%
Hartest
52%
Haughley
52%
Peasenhall
52%
Stoke-by-Clare
52%
Stonham Aspal
52%
Ufford
52%
Waldringfield
52%
Westerfield
52%
Blundeston
51%
Bures St. Mary
51%
Cotton
51%
Culpho
51%
Fressingfield
51%
Great Blakenham
51%
Holbrook
51%
Horringer
51%
Mendlesham
51%
Nacton
51%
Red Lodge
51%
Rushbrooke with Rougham
51%
Stuston
51%
Thornham Magna
51%
Walsham-le-Willows
51%
Beck Row, Holywell Row and Kenny Hill
50%
Boxted
50%
Brampton with Stoven
50%
Bruisyard
50%
Burgate
50%
Cavendish
50%
Chelmondiston
50%
Creeting St. Mary
50%
Drinkstone
50%
Earl Soham
50%
Euston
50%
Finningham
50%
Fornham All Saints
50%
Gislingham
50%
Great Waldingfield
50%
Hawstead
50%
Helmingham
50%
Henley
50%
Mellis
50%
Old Newton with Dagworth
50%
Oulton Broad
50%
Ramsholt
50%
Stanton
50%
Thornham Parva
50%
Woolverstone
50%
Botesdale
49%
Cockfield
49%
Culford
49%
Elveden
49%
Gipping
49%
Harleston
49%
Hitcham
49%
Ickworth
49%
Lound
49%
Monks Eleigh
49%
Onehouse
49%
Saxtead
49%
Stratford St. Mary
49%
Thorington
49%
Whitton
49%
Yaxley
49%
Badingham
48%
Barsham
48%
Blyford
48%
Bradfield St. George
48%
Brent Eleigh
48%
Coddenham
48%
Combs
48%
Fornham St. Genevieve
48%
Foxhall
48%
Freston
48%
Friston
48%
Great Livermere
48%
Hasketon
48%
Iken
48%
Kettlebaston
48%
Lindsey
48%
Nayland-with-Wissington
48%
Pakenham
48%
Palgrave
48%
Preston St. Mary
48%
Rumburgh
48%
Santon Downham
48%
Stonham Parva
48%
Tattingstone
48%
Wattisfield
48%
Wattisham
48%
West Row
48%
Wetherden
48%
Wickham Skeith
48%
Wortham
48%
Badwell Ash
47%
Beyton
47%
Cransford
47%
Gisleham
47%
Great Finborough
47%
Great Glemham
47%
Hemingstone
47%
Hopton
47%
Lackford
47%
Langham
47%
Lawshall
47%
Little Cornard
47%
Little Glemham
47%
Occold
47%
Ringshall
47%
Risby
47%
Stowlangtoft
47%
Thorndon
47%
Thrandeston
47%
Tostock
47%
Westhorpe
47%
Wyverstone
47%
Badley
46%
Bardwell
46%
Baylham
46%
Bramfield
46%
Brettenham
46%
Buxhall
46%
Campsey Ash
46%
Denston
46%
Felsham
46%
Gazeley
46%
Great Ashfield
46%
Great Thurlow
46%
Hengrave
46%
Horham
46%
Hunston
46%
Little Waldingfield
46%
Mettingham
46%
Pinewood
46%
Rattlesden
46%
Redgrave
46%
Rickinghall Inferior
46%
Rickinghall Superior
46%
Ringsfield
46%
Shelland
46%
St. Lawrence, Ilketshall
46%
Swefling
46%
Swilland
46%
Thorpe Morieux
46%
Troston
46%
Walpole
46%
Wenhaston with Mells Hamlet
46%
Wetheringsett-cum-Brockford
46%
Worlingham
46%
Barningham
45%
Coney Weston
45%
Elmsett
45%
Great Whelnetham
45%
Huntingfield
45%
Ixworth Thorpe
45%
Little Blakenham
45%
Little Thurlow
45%
Little Whelnetham
45%
Mendham
45%
Nedging-with-Naughton
45%
Playford
45%
Rishangles
45%
St. John, Ilketshall
45%
St. Margaret, Ilketshall
45%
Westley
45%
Whepstead
45%
Wherstead
45%
Ampton
44%
Crowfield
44%
Great Wratting
44%
Hintlesham
44%
Hollesley
44%
Laxfield
44%
Little Finborough
44%
Mutford
44%
Shimpling
44%
Somersham
44%
St. Andrew, Ilketshall
44%
Stanstead
44%
Stoke Ash
44%
Tuddenham
44%
Witnesham
44%
Bradfield St. Clare
43%
Eriswell
43%
Framsden
43%
Heveningham
43%
Higham
43%
Kentford
43%
Moulton
43%
Ousden
43%
The Saxhams
43%
Thwaite
43%
Wissett
43%
Bedingfield
42%
Belstead
42%
Chelsworth
42%
Hinderclay
42%
Honington
42%
Little Livermere
42%
Little Wratting
42%
Manningtree
42%
Pettistree
42%
St. Cross, South Elmham
42%
St. Peter, South Elmham
42%
Eyke
41%
Henstead with Hulver Street
41%
Hepworth
41%
Hessett
41%
Icklingham
41%
Pettaugh
41%
Worlingworth
41%
Battisford
40%
Holton
40%
Holton St. Mary
40%
Kedington
40%
Sotterley
40%
Sproughton
40%
Theberton
40%
Wingfield
40%
Barnby
39%
Cowlinge
39%
Gedding
39%
Hargrave
39%
Shipmeadow
39%
Uggeshall
39%
Brockley
38%
Chedburgh
38%
Fakenham Magna
38%
Kenton
38%
Rendham
38%
St. Margaret, South Elmham
38%
St. Mary, South Elmham otherwise Homersfield
38%
Syleham
38%
Wilby
38%
Akenham
37%
Ashbocking
37%
Athelington
37%
Dallinghoo
37%
Ellough
37%
Freckenham
37%
Knodishall
37%
Shadingfield
37%
South Cove
37%
Spexhall
37%
Barrow
36%
Barton Mills
36%
Bucklesham
36%
Frostenden
36%
Kettleburgh
36%
Market Weston
36%
St. James, South Elmham
36%
St. Michael, South Elmham
36%
Stratford St. Andrew
36%
Thelnetham
36%
Westleton
36%
Boyton
35%
Great Bricett
35%
Middleton
35%
North Cove
35%
Whatfield
35%
Benacre
34%
Clopton
34%
Nowton
34%
Wrentham
34%
Alderton
33%
Aspall
33%
Blaxhall
33%
Great Bealings
33%
Little Bealings
33%
Mickfield
33%
Newton
33%
Assington
32%
Charsfield
32%
Edwardstone
32%
Flixton (Lothingland Ward)
32%
Gosbeck
32%
Kirton
32%
Monk Soham
32%
Worlington
32%
Brantham
31%
Capel St. Andrew
31%
Cavenham
31%
Newbourne
31%
Parham
31%
Semer
31%
Wickhambrook
31%
Withersfield
31%
Aldham
30%
Barking
30%
Bentley
30%
Braiseworth
30%
Chevington
30%
Falkenham
30%
Flixton (Bungay & Wainford Ward)
30%
Bromeswell
29%
Levington
29%
Stradishall
29%
Stutton
29%
Barnham
28%
Benhall
28%
Burgh
28%
Chillesford
28%
Cookley
28%
Easton
28%
Hoo
28%
Knettishall
28%
Poslingford
28%
Sapiston
28%
Shottisham
28%
Sibton
28%
Timworth
28%
Ubbeston
28%
Bedfield
27%
Boulge
27%
Chilton
27%
Debach
27%
Harkstead
27%
Somerton
27%
Westhall
27%
Barham
26%
Cretingham
26%
Denham
26%
Hacheston
26%
Purdis Farm
26%
Rede
26%
Redisham
26%
Tuddenham St. Martin
26%
Weybread
26%
Arwarton
25%
Barnardiston
25%
Chattisham
25%
Flempton
25%
Great Bradley
25%
Linstead Magna
25%
Linstead Parva
25%
Little Bradley
25%
Marlesford
25%
Monewden
25%
Offton
25%
Southolt
25%
Chediston
24%
Herringswell
24%
Hundon
24%
Ingham
24%
Lidgate
24%
Stansfield
24%
Brandeston
23%
Bredfield
23%
Flowton
23%
Kelsale cum Carlton
23%
Kirtling
23%
Layham
23%
Wenham Magna
23%
Wenham Parva
23%
Willisham
23%
Wixoe
23%
Brundish
22%
Cratfield
22%
Dalham
22%
Depden
22%
Farnham
22%
Groton
22%
Hawkedon
22%
Hemley
22%
Leavenheath
22%
Metfield
22%
Redlingfield
22%
Shelley
22%
Brightwell
21%
Gedgrave
21%
Sternfield
21%
Wordwell
21%
Burstall
20%
Sotherton
20%
Tannington
20%
Winston
20%
Darmsden
19%
Weston
19%
Nettlestead
18%
Letheringham
17%
Ashfield cum Thorpe
16%
Willingham St. Mary
16%
Wantisden
15%
Sutton Heath
14%
Creeting St. Peter or West Creeting
13%
Stratton Hall
13%
No matching quizzes found
Score Distribution
Percent of People with Each Score
Percentile by Number Answered
Your Score History
You have not taken this quiz